| 000 | 00692nac a22001931u 4500 | ||
|---|---|---|---|
| 008 | 100915s2004 n |||||r|||| 001 0 eng d | ||
| 010 | _a 2003062448 | ||
| 020 | _a013061890X | ||
| 082 | 0 | 0 |
_a629.89 _bSTE _222 |
| 100 |
_aStenerson, Jon. _919230 |
||
| 245 | 1 | 0 |
_aFundamentals of Programmable Logic Controllers, Sensors, and Communications / _cJon Stenerson. |
| 250 | _a3rd ed. | ||
| 260 |
_aUpper Saddle River, N.J. : _bPearson Prentice Hall, _cc2004. |
||
| 300 |
_axvii, 654 p. : _bill. ; _c25 cm. + _e1 CD-ROM (4 3/4 in.) |
||
| 500 | _aIncludes index. | ||
| 650 | 0 |
_aProgrammable controllers. _919231 |
|
| 650 | 0 |
_aTelecommunication systems. _919232 |
|
| 942 |
_cBB _k629.89STE _2ddc |
||
| 999 |
_c419 _d419 |
||